[Event "THA-ch (Women)"]
[Site "Bangkok"]
[Date "2019.05.02"]
[Round "4.1"]
[White "Singsomroj, Sornsawan"]
[Black "Chuersakul, Sarocha"]
[Result "0-1"]
[WhiteElo "1345"]
[BlackElo "1602"]
[PlyCount "58"]
[EventDate "2019.05.01"]
[EventType "swiss"]
[EventRounds "9"]
[EventCountry "THA"]
[SourceTitle "CBM 190 Extra"]
[Source "ChessBase"]
[SourceDate "2019.07.15"]
[SourceVersion "1"]
[SourceVersionDate "2019.07.15"]
[SourceQuality "1"]

1. e4 c6 2. Nc3 d5 3. Nf3 Bg4 4. h3 Bxf3 5. Qxf3 e6 6. d4 Nf6 7. e5 Nfd7 8. Ne2 c5 9. c3 Nc6 10. Be3 cxd4 11. cxd4 Bb4+ 12. Nc3 Qa5 13. Bd2 Nxd4 14. Qd3 Nc6 15. Nb5 Ncxe5 16. Qd4 Bxd2+ 17. Qxd2 Qxd2+ 18. Kxd2 0-0 19. Be2 Nc5 20. Rac1 Ne4+ 21. Ke3 a6 22. Nd4 Rac8 23. Rhf1 Nd7 24. b4 g6 25. h4 e5 26. Nb3 f5 27. Rfd1 f4+ 28. Kf3 Nc3 29. Rd2 h5 0-1

[Event "THA-chT"]
[Site "Bangkok"]
[Date "2015.12.12"]
[Round "8.4"]
[White "Singsomroj, Sornsawan"]
[Black "Pinphetsawan, Sirikwan"]
[Result "0-1"]
[WhiteElo "1170"]
[BlackElo "1733"]
[PlyCount "102"]
[EventDate "2015.12.04"]
[EventType "team-swiss"]
[EventRounds "9"]
[EventCountry "THA"]
[SourceTitle "CBM 170 Extra"]
[Source "ChessBase"]
[SourceDate "2016.02.25"]
[SourceVersion "1"]
[SourceVersionDate "2016.02.25"]
[SourceQuality "1"]
[WhiteTeam "Strong Team"]
[BlackTeam "Bangapi Thursday Club"]
[WhiteTeamCountry "THA"]
[BlackTeamCountry "THA"]

1. e4 e5 2. Nf3 Nc6 3. d4 exd4 4. Nxd4 d6 5. Nxc6 bxc6 6. Nc3 Be6 7. Bd3 Nf6 8. 0-0 Be7 9. Be3 0-0 10. Qf3 d5 11. exd5 cxd5 12. Bd2 c5 13. Rfd1 Bg4 14. Qg3 Bxd1 15. Rxd1 Re8 16. Bb5 Rf8 17. Bh6 Nh5 18. Qg4 Qd6 19. Rxd5 Qxh6 20. Rxh5 Qc1+ 21. Bf1 Rad8 22. Qe4 g6 23. Rh3 Bf6 24. Nd5 Qg5 25. Bc4 Rfe8 26. Nxf6+ Qxf6 27. Qf3 Qxf3 28. gxf3 Rd1+ 29. Kg2 Ree1 30. Kg3 Rg1+ 31. Kf4 Rd4+ 32. Ke3 Re1+ 33. Be2 f5 34. f4 Re4+ 35. Kd3 R1xe2 36. Re3 R4xe3+ 37. fxe3 Rxh2 38. a3 h5 39. b4 cxb4 40. axb4 h4 41. c4 Kf7 42. b5 Ke7 43. Kd4 h3 44. c5 Kd7 45. Kd5 Rd2+ 46. Kc4 h2 47. c6+ Kc7 48. Kb4 h1Q 49. Kc3 Qc1+ 50. Kb3 Rb2+ 51. Ka3 Qa1# 0-1

[Event "THA-chT"]
[Site "Bangkok"]
[Date "2015.12.12"]
[Round "7.4"]
[White "Swatekititham, Supisara"]
[Black "Singsomroj, Sornsawan"]
[Result "0-1"]
[WhiteElo "1329"]
[BlackElo "1170"]
[PlyCount "40"]
[EventDate "2015.12.04"]
[EventType "team-swiss"]
[EventRounds "9"]
[EventCountry "THA"]
[SourceTitle "CBM 170 Extra"]
[Source "ChessBase"]
[SourceDate "2016.02.25"]
[SourceVersion "1"]
[SourceVersionDate "2016.02.25"]
[SourceQuality "1"]
[WhiteTeam "KUS Warriors"]
[BlackTeam "Strong Team"]
[WhiteTeamCountry "THA"]
[BlackTeamCountry "THA"]

1. e4 e5 2. Nf3 Nc6 3. Bc4 Nf6 4. Nc3 Nxe4 5. Nxe4 d5 6. Bd3 Nb4 7. Qe2 dxe4 8. Bxe4 f5 9. Bxf5 Bxf5 10. Qxe5+ Qe7 11. 0-0 Qxe5 12. Nxe5 Bd6 13. Re1 0-0 14. Re2 Nxc2 15. Rb1 Nd4 16. Nd7 Nxe2+ 17. Kf1 Bxd7 18. Kxe2 Rae8+ 19. Kf1 Bb5+ 20. Kg1 Re1# 0-1

[Event "THA-chT"]
[Site "Bangkok"]
[Date "2015.12.06"]
[Round "6.4"]
[White "Taweesupmun, Chanida"]
[Black "Singsomroj, Sornsawan"]
[Result "1-0"]
[WhiteElo "1798"]
[BlackElo "1170"]
[PlyCount "119"]
[EventDate "2015.12.04"]
[EventType "team-swiss"]
[EventRounds "9"]
[EventCountry "THA"]
[SourceTitle "CBM 170 Extra"]
[Source "ChessBase"]
[SourceDate "2016.02.25"]
[SourceVersion "1"]
[SourceVersionDate "2016.02.25"]
[SourceQuality "1"]
[WhiteTeam "East Bangapi"]
[BlackTeam "Strong Team"]
[WhiteTeamCountry "THA"]
[BlackTeamCountry "THA"]

1. d4 d5 2. c4 e6 3. Nf3 Nf6 4. Nc3 Be7 5. e3 c5 6. Bd3 Nc6 7. 0-0 b6 8. cxd5 exd5 9. Bb5 Bb7 10. Qa4 Qc7 11. Ne5 Rc8 12. e4 0-0 13. Bxc6 Bxc6 14. Qxc6 Qxc6 15. Nxc6 Rxc6 16. exd5 Rd6 17. dxc5 bxc5 18. Bf4 Rdd8 19. Rad1 Bd6 20. Bxd6 Rxd6 21. Rfe1 h6 22. Re2 Rfd8 23. Red2 g5 24. h3 Kg7 25. f3 Kg6 26. Ne4 Rxd5 27. Rxd5 Rxd5 28. Rxd5 Nxd5 29. Nxc5 Nb4 30. a3 Nc6 31. Nd3 f5 32. g4 fxg4 33. hxg4 Nd4 34. Kf2 h5 35. gxh5+ Kxh5 36. Ke3 Nf5+ 37. Ke4 Nd6+ 38. Kd5 Nf5 39. Ke5 Nh4 40. Ke4 g4 41. fxg4+ Kxg4 42. b4 Ng6 43. Ne5+ Nxe5 44. Kxe5 Kf3 45. Kd4 Kf4 46. b5 Kf5 47. Kd5 Kf6 48. Kd6 Kf7 49. a4 Ke8 50. Kc7 Ke7 51. a5 Ke6 52. b6 axb6 53. axb6 Kd5 54. b7 Kc5 55. b8Q Kd5 56. Qe8 Kc5 57. Qe4 Kb5 58. Qd4 Ka5 59. Kc6 Ka6 60. Qb6# 1-0